Sports Quiz

Random Sports or Basketball Quiz

2017 March Madness Bracket Quiz Stats

 Plays Quiz Updated Sep 17, 2018

Challenge
Share
Tweet
Score 0/135 Timer 12:00
0 Plays Today
% Correct
UNC
96.2%
UNC
96.2%
UNC
96.2%
UNC
96.2%
UNC
96.1%
UNC
96%
UNC
95.2%
Duke
91.7%
Duke
91.5%
Gonzaga
90.8%
Gonzaga
90.8%
Kansas
90.6%
Kansas
90.5%
Kansas
90.5%
Gonzaga
90%
Kansas
90%
Kentucky
89.9%
Kentucky
89.9%
Gonzaga
89.9%
Gonzaga
89.8%
Kentucky
89.7%
Villanova
89.7%
Villanova
89.6%
Kentucky
89.4%
Gonzaga
88.1%
Oregon
87.4%
Oregon
87.3%
Oregon
87.2%
Oregon
87.1%
UCLA
86.8%
UCLA
86.7%
UCLA
86.7%
Oregon
86.4%
Michigan
85.9%
Michigan
85.6%
Michigan
85.6%
Florida
85.5%
Florida
85.5%
Florida
85.5%
South Carolina
85.3%
South Carolina
85.2%
Florida
84.9%
South Carolina
84.9%
South Carolina
84.8%
Wisconsin
82.9%
% Correct
Wisconsin
82.9%
Wisconsin
82.5%
Arizona
82.3%
Arizona
81.5%
Arizona
81.5%
South Carolina
81.2%
Michigan St
80.6%
USC
80.2%
Michigan St
79.9%
Virginia
77.1%
Virginia
76.3%
Florida St
75.9%
USC
75.8%
USC
75.4%
Florida St
74.3%
Xavier
73.8%
Xavier
73.8%
Louisville
73.5%
Xavier
72.8%
Louisville
72.6%
Baylor
72%
Xavier
71.7%
Baylor
71.5%
Baylor
71.4%
Purdue
69.8%
Purdue
69.2%
Purdue
69.2%
West Virginia
68.7%
West Virginia
68.6%
Kansas St
68.5%
West Virginia
68.4%
Butler
68.3%
Butler
68.3%
Butler
68%
Notre Dame
67.2%
Notre Dame
66.3%
Iowa St
65.3%
Northwestern
65.2%
Wichita St
64.1%
Kansas St
64%
Miami
63.6%
Northwestern
63.5%
Iowa St
63.1%
Arkansas
62.9%
Oklahoma St
62.9%
% Correct
Wichita St
62.8%
Minnesota
62.6%
Maryland
62.6%
Arkansas
61.8%
Princeton
59.2%
Virginia Tech
59.1%
Middle Tenn
58.3%
Rhode Island
58.3%
Vanderbilt
58.1%
Middle Tenn
58%
SMU
57.6%
Dayton
57.4%
Rhode Island
57.2%
St Mary's
56%
Cincinnati
55.3%
FGCU
54.7%
St Mary's
54.6%
Cincinnati
54%
Creighton
53.9%
VCU
53.4%
Providence
52.9%
Marquette
52%
Mt St. Mary's
52%
Wake Forest
50.2%
UC Davis
50%
Seton Hall
49.1%
UNC-Wilmington
47.5%
SDSU
46.1%
New Mexico St
45.7%
Nevada
45.6%
Vermont
44.4%
North Dakota
42.9%
Mt St. Mary's
42.3%
N. Kentucky
41.7%
E. Tennessee St
40.3%
Troy
40.1%
Iona
39.8%
Bucknell
39.4%
UC Davis
38.5%
Kent St
36.6%
New Orleans
34%
Winthrop
33.7%
Texas Southern
33.1%
Jacksonville St
32.5%
NC Central
26.5%

You're not logged in!

Compare scores with friends on all Sporcle quizzes.
Join for Free
OR
Log In

You Might Also Like...

Show Comments

Extras

Top Quizzes Today


Score Distribution

Your Account Isn't Verified!

In order to create a playlist on Sporcle, you need to verify the email address you used during registration. Go to your Sporcle Settings to finish the process.

Report this User

Report this user for behavior that violates our Community Guidelines.

Details: